000 00317nam a22001337a 4500
008 171005b xxu||||| |||| 00| 0 eng d
020 _a9780323042116
041 _aeng
080 _211 ED
_a159.9
100 _a49
101 _aPSI
245 _aRADIOGARPHUC POSITIONNING PROCEDURES
_cFRANK.E.D
942 _2udc
_cBK
999 _c32012
_d32012